000 00266nam a22000857a 4500
008 161205b xxu||||| |||| 00| 0 eng d
100 _91808
_aKhandurie,V.P
245 _aReference cum Question Bank on; National talent search
260 _aNEW DELHI
_bSARASWATI HOUSE pvt ltd.
999 _c4547
_d4547